000
00267nam a2200097Ia 4500
008
241105s9999 xx 000 0 und d
041
_a
eng
100
_a
Kothari Sneha
245
_a
Facilities Center At Pilgrimage Town Jejuri
260
_b
Final Year B. Arch, BNCA
_c
2014
999
_c
360862
_d
360862